Polítiques de suport a les famílies : una proposta des del món local : jornada de debat : 28 de març de 2003 una proposta des del món local :
Descripción Física:
1 tríptic ; 21 cm
MARC
| LEADER | 00000nam a2200000Ia 4500 | ||
|---|---|---|---|
| 001 | 24266 | ||
| 008 | 160829s2003 xx 000 0 cat d | ||
| 080 | |a FU-64-105 | ||
| 245 | |a Polítiques de suport a les famílies : |b una proposta des del món local : |b jornada de debat : |b 28 de març de 2003 | ||
| 260 | |a [Barcelona] : |b Diputació de Barcelona. Xarxa de Municipis, |c 2003 | ||
| 300 | |a 1 tríptic ; |c 21 cm | ||
| 590 | |a Programa de mà de la jornada, celebrada a l'Auditori del Parc del Coneixement, Flor de Maig (Barcelona), el 28 de maig de 2003. | ||
| 590 | |a Inclou la butlleta d'inscripció | ||
| 650 | |a Administració local |x Barcelona (Província) |x Aspectes socials |9 32935 | ||
| 651 | 0 | |a Barcelona (Catalunya : Província) |x Política familiar |9 54070 | |
| 710 | |a Flor de Maig |9 54173 | ||
| 710 | 1 | |a Barcelona (Catalunya : Província). |b Diputació |9 52408 | |
| 901 | |a Arxiu | ||
| 942 | |n 1 | ||
| 952 | |0 0 |1 0 |4 0 |6 FU64105 |7 1 |9 55931 |a Arxiu |b Arxiu |d 2016-12-01 |l 0 |o FU-64-105 |p 24266 |r 2016-12-01 00:00:00 |w 2016-12-01 |y ARXIU | ||
| 999 | |c 59804 |d 59804 | ||